00294nam a22001217a 4500003000400000008004100004020001800045082001500063100001900078245003800097260002900135300000800164OSt250204b |||||||| |||| 00| 0 eng d a9789355431356 a153.42 NGD aNguyan, Joseph aDonot Belive Everything You Think aNoidabManjul Pub.c2024 a167